[Event "10th KiiT Festival 2017"]
[Site "Bhubaneshwar"]
[Date "2017.05.29"]
[Round "5"]
[White "Pinge, Shubham D"]
[Black "Reefat, Bin-Sattar"]
[Result "0-1"]
[WhiteElo "2017"]
[BlackElo "2437"]
[Annotator "TA"]
[PlyCount "90"]
[EventDate "2017.05.26"]
[EventType "swiss"]
[EventCountry "IND"]
[SourceTitle "playchess.com"]
[Source "ChessBase"]
[SourceQuality "1"]

{[%evp 15,90,0,-5,-14,0,-17,-19,-40,-39,-41,-28,-20,37,33,26,5,0,2,8,14,12,8,9,0,17,0,54,47,60,4,8,0,0,-35,-26,-71,-56,-56,-58,-81,-52,-104,-121,-184,-149,-156,-166,-239,-237,-241,-234,-226,-231,-218,-217,-221,-231,-285,-276,-282,-275,-290,-264,-289,-283,-580,-542,-517,-485,-651,-651,-651,-650,-589,-433,-612,-567]} 1. e4 e6 2. d4 d5 3. Nc3 Nf6 4. Bg5 dxe4 {[#]} 5. Nxe4 $1 {[%mdl 512]} Be7 (5... Nxe4 6. Bxd8) 6. Bxf6 gxf6 7. Nf3 f5 8. Ng3 c5 9. dxc5 {C13: French: Classical System: 4 Bg5 Be7, Alekhine-Chatard Attack} (9. Bb5+ Bd7 10. Bxd7+ Qxd7 11. d5 exd5 12. Ne5 Qe6 13. f4 Nd7 14. O-O O-O-O 15. Qh5 Nxe5 16. fxe5 Qxe5 17. Rae1 Qd4+ 18. Kh1 Qh4 19. Rxf5 Qxh5 20. Nxh5 {0-1 (49) Gashimov,V (2746)-Carlsen,M (2815) Monte Carlo 2011}) 9... Qa5+ 10. c3 Qxc5 11. Qd4 {The position is equal.} Qxd4 12. Nxd4 a6 13. Be2 f4 (13... Bd7 $11) 14. Nh5 $36 {[%mdl 2048] Black is under pressure.} e5 15. Nf5 Rg8 $146 ({Predecessor:} 15... Nc6 16. g3 fxg3 17. hxg3 {1-0 (70) Kovalevskaya,E (2457)-Alieva,E (2176) Sheki 2005}) 16. Nxe7 Kxe7 17. g3 fxg3 18. hxg3 Be6 19. g4 Nd7 20. f3 f5 (20... Rad8 $11) 21. Ng3 Nf6 {[%cal Rf5g4]} 22. gxf5 (22. Nxf5+ $14 Bxf5 23. gxf5) 22... Rxg3 $11 23. fxe6 Rg2 24. Bc4 Rd8 25. Rd1 Rxd1+ (25... Rxb2 $5 {[%cal Rd8d1]} 26. Rxd8 Kxd8 $17) 26. Kxd1 Rxb2 $17 {[%mdl 4096] Endgame KRB-KRN} 27. Kc1 Rg2 28. Re1 (28. a4 $15) 28... h5 29. Rh1 (29. a4 $17 {keeps fighting.}) 29... b5 30. Bb3 Rg3 31. Kc2 (31. c4 $142) 31... a5 $19 32. a4 bxa4 (32... Rxf3 33. axb5 e4 34. b6 $11) 33. Bxa4 Rxf3 34. Bb3 Rf2+ 35. Kd3 e4+ {[%cal Be5e4,Be4e3][%mdl 32]} 36. Kd4 Rd2+ 37. Ke5 e3 38. Kf4 Rd3 39. Bd1 Nd5+ ({Don't do} 39... Kxe6 40. Bf3 $19) 40. Ke5 $2 (40. Kf3) 40... Nxc3 {Black is clearly winning.} 41. Bxh5 {[#] Hoping for Bf3.} e2 {Strongly threatening ...Rd5+.} 42. Bxe2 Rd5+ ({And not} 42... Nxe2 43. Rh7+ Kd8 44. Rh8+ Ke7 45. Rh7+ Kf8 46. Rf7+ Kg8 47. Ra7 $11) 43. Kf4 Nxe2+ 44. Ke3 Ng3 45. Rh3 (45. Rg1 $142 Rb5 46. Ra1) 45... Nf5+ {Precision: White = 33%, Black = 78%.} 0-1

[Event "10th KiiT Festival 2017"]
[Site "Bhubaneshwar"]
[Date "2017.05.29"]
[Round "6"]
[White "Tukhaev, Adam"]
[Black "Krishna C R G"]
[Result "1-0"]
[WhiteElo "2557"]
[BlackElo "2392"]
[Annotator "TA"]
[PlyCount "51"]
[EventDate "2017.05.26"]
[EventType "swiss"]
[EventCountry "IND"]
[SourceTitle "playchess.com"]
[Source "ChessBase"]
[SourceQuality "1"]

{[%evp 22,51,-27,-26,-28,-20,-22,-135,-140,-369,-298,-361,-297,-353,0,0,117,93,134,128,315,306,602,605,1712,1716,1835,1825,1725,1714,29990,29991]} 1. e4 e6 2. d4 d5 3. Nc3 Bb4 4. e5 Ne7 5. a3 Bxc3+ 6. bxc3 c5 7. Qg4 cxd4 8. Bd3 {C18: French: 3 Nc3 Bb4: Main line: 7 h4 and 7 Qg4} (8. Qxg7 Rg8 9. Qxh7 Qc7 10. Ne2 Nbc6 11. f4 dxc3 12. h4 Bd7 13. h5 O-O-O 14. Qd3 d4 15. h6 Be8 16. Rb1 Nd5 17. Nxd4 Nxf4 18. Bxf4 Rxd4 19. Qe3 {1-0 (38) Sutovsky,E (2628)-Kovalenko,I (2684) Caleta 2017}) 8... Qa5 9. Ne2 O-O 10. Bg5 Ng6 11. Qg3 Nd7 12. h4 {LiveBook: 3 Games. next h5 is good for White.} dxc3 {[%cal Bd4c3,Bc3c2][%mdl 32]} 13. f4 {Black must now prevent h5.} h5 {[#]} 14. Qh2 $146 (14. Qe3 $11) ({Predecessor:} 14. Qe3 Qb6 15. Nd4 Nb8 {1-0 (50) Kollars,D (2502)-Colpe,M (2408) Budapest 2017}) 14... Nc5 $17 15. g4 $2 (15. Bxg6 $17 {is a better defense.} fxg6 16. Be7) 15... Nxd3+ $19 16. cxd3 c2+ (16... hxg4 17. h5 $17) 17. Kf2 Bd7 $2 ({Less strong is} 17... hxg4 18. h5 $17) (17... f6 $19 18. exf6 gxf6) 18. gxh5 $11 Bb5 {[#]} (18... Qb6+ $11 19. Kf1 Nh8) 19. Qg3 $1 $16 Qd2 20. Rh3 Rfc8 $2 {[#]} (20... Rac8 $16 21. Rc1 Ba6) 21. Rc1 $1 $18 Qa5 $2 (21... Bxd3 22. Qxd3 Qxd3 23. Rxd3 Nf8) 22. hxg6 fxg6 23. h5 gxh5 24. Bf6 {[%csl Gf6][%cal Rg3g7]} Rc7 25. Rxh5 {White threatens Rch1 and mate.} Rf8 26. Rg1 {Precision: White = 69%, Black = 21%.} 1-0

[Event "10th KiiT Festival 2017"]
[Site "Bhubaneshwar"]
[Date "2017.05.29"]
[Round "6"]
[White "Debashis, Das"]
[Black "Muthaiah AL"]
[Result "1-0"]
[WhiteElo "2496"]
[BlackElo "2289"]
[Annotator "TA"]
[PlyCount "49"]
[EventDate "2017.05.26"]
[EventType "swiss"]
[EventCountry "IND"]
[SourceTitle "playchess.com"]
[Source "ChessBase"]
[SourceQuality "1"]

{[%evp 27,49,94,109,90,172,174,183,141,185,171,231,208,225,147,127,127,117,118,480,483,624,603,600,602]} 1. d4 Nf6 2. c4 g6 3. Nc3 d5 4. cxd5 Nxd5 5. e4 Nxc3 6. bxc3 Bg7 7. Nf3 O-O 8. Be2 c5 9. O-O cxd4 10. cxd4 Bg4 11. Be3 Bxf3 12. Bxf3 Nc6 13. d5 Na5 {D85: Exchange Grünfeld: Unusual White 7th moves and lines with 7 Nf3} (13... Ne5 14. Be2 Qa5 15. Rb1 Qxa2 16. Bd4 Qa3 17. Rxb7 Rfb8 18. Qb1 Rc8 19. Bb2 Qd6 20. Qa1 Rcb8 21. Rxb8+ Rxb8 {½-½ (51) Gunina,V (2522)-Harika,D (2505) Beijing 2014}) 14. Rc1 b6 {LiveBook: 5 Games} 15. Bg4 f5 (15... Nb7 $16) 16. exf5 $18 gxf5 17. Bh3 $146 ({Predecessor:} 17. Bf3 Qd6 18. Bg5 Rac8 19. Qe2 Bf6 20. Bxf6 Qxf6 21. Qa6 Rxc1 22. Rxc1 {1-0 (40) Palo,D (2246)-Pedersen,J (2144) Nyborg 2001}) 17... Rc8 {[#]} 18. Qf3 $1 Rxc1 (18... Nc4 {was called for.} 19. Bxf5 Nxe3 20. Rxc8 (20. Qxe3 Rxc1 21. Rxc1 Qd6 $18) 20... Qxc8 21. fxe3 (21. Bxc8 Rxf3 22. fxe3 Rxe3 $11) 21... Qc5) 19. Rxc1 ({Don't take} 19. Bxc1 $6 Qd7 $16) 19... Qd7 20. g3 Nb7 21. Bf4 Nc5 22. Re1 e6 $2 {[%mdl 8192] [#]} (22... Rf7 $16 {is a better chance.} 23. d6 e6) 23. dxe6 {White is clearly winning.} Nxe6 24. Qb3 Rf6 25. Bg5 1-0

[Event "10th KiiT Festival 2017"]
[Site "Bhubaneshwar"]
[Date "2017.05.29"]
[Round "6"]
[White "Nguyen, Duc Hoa"]
[Black "Sahoo, Utkal Ranjan"]
[Result "1-0"]
[WhiteElo "2481"]
[BlackElo "2256"]
[Annotator "TA"]
[PlyCount "89"]
[EventDate "2017.05.26"]
[EventType "swiss"]
[EventCountry "IND"]
[SourceTitle "playchess.com"]
[Source "ChessBase"]
[SourceQuality "1"]

{[%evp 14,89,27,23,22,30,42,49,56,67,50,59,62,60,104,71,64,64,59,0,60,33,104,117,112,100,184,183,257,264,246,235,190,128,244,250,250,248,476,508,635,602,564,391,355,317,260,246,253,254,244,254,363,365,3234,663,634,603,588,556,570,566,584,570,845,793,754,721,1031,1000,990,738,29986,29987,29987,29986,29987,29988]} 1. e4 e5 2. Nf3 Nc6 3. d4 exd4 4. Nxd4 Nf6 5. Nxc6 bxc6 6. Qe2 {C45: Scotch Game} (6. e5 Qe7 7. Qe2 Nd5 8. c4 Ba6 9. Nd2 g6 10. b3 Bg7 11. Nf3 O-O 12. Qb2 Nb6 13. Qa3 Qxa3 14. Bxa3 Rfe8 15. O-O-O Bxe5 16. Nxe5 Rxe5 17. Bb2 Re7 {½-½ (60) Harikrishna,P (2750)-Tomashevsky,E (2696) Moscow 2017}) 6... Qe7 7. Nc3 Qe6 8. Bd2 {LiveBook: 5 Games. White has an edge.} Rb8 9. O-O-O Bb4 10. e5 $146 ({Predecessor:} 10. a3 Bc5 11. Be3 Bb6 12. Bxb6 axb6 13. e5 Nd5 {1-0 (48) Amonatov,F (2613)-Predke,A (2477) Moscow 2014}) 10... Nd5 11. Nxd5 cxd5 12. Bxb4 Rxb4 13. Qd2 $1 {[%cal Rd2b4]} Ra4 14. Bb5 Re4 15. f4 d4 16. Bd3 (16. b3 $14) 16... Re3 (16... Qxa2 $11 17. Qb4 Rxf4) 17. c3 c5 ({Black should play} 17... Qxa2 $14 18. cxd4 Qa1+ 19. Bb1 Rb3) 18. cxd4 $16 cxd4 19. Qb4 $36 {[%mdl 2048] Keeping Black busy.} Qd5 (19... Qb6 $16 20. Qxb6 axb6) 20. Bc4 $18 Qxg2 (20... Qb7 $142 21. Qc5 Qc6 22. Qxc6 dxc6 23. Rxd4 g5) 21. Rhg1 Qc6 22. Rxd4 a5 23. Qd2 (23. Qxa5 $18 {aiming for Qb4.} O-O 24. Qd2) 23... Re4 {[#]} (23... Rh3 $16 24. Rxg7 Ba6) 24. Rxe4 $1 ({But not} 24. Rxg7 $6 Rxd4 25. Qxd4 Ba6 $16) 24... Qxe4 25. Bd5 Qf5 $2 (25... Qb4 {might work better.} 26. Rxg7 Qc5+ 27. Kb1 Rf8) 26. Rxg7 Rf8 27. Rg3 Ba6 28. Bg2 Qe6 29. Qxa5 Qc4+ 30. Kb1 {Hoping for a4.} Qe2 {[%cal Re2d1]} 31. a4 Qd1+ 32. Ka2 Bc4+ (32... Bd3 {was necessary.} 33. Bd5 Qb1+ 34. Kb3 Qd1+ 35. Ka2 Qb1+ 36. Ka3 Qa1+ 37. Kb3 Qd1+ 38. Ka2) 33. Ka3 d5 $2 (33... Qa1+ 34. Kb4 Bd3) 34. exd6 (34. Qa8+ $142 Ke7 35. Qb7+ Ke8 36. Qb8+ Kd7 37. Qxf8 Qa1+ 38. Kb4 Qe1+ 39. Rc3) 34... Qxd6+ 35. Qb4 Kd7 36. Qxd6+ Kxd6 {[%mdl 4096] Endgame KRB-KRB} 37. b4 Re8 38. Rc3 Re2 {[%csl Gc4][%cal Re2a2]} 39. Rxc4 Rxg2 {KR-KR} 40. a5 {[%cal Ba4a5,Ba5a6,Ba6a7][%mdl 32]} Rxh2 41. a6 {a7 is the strong threat.} Rh1 42. Kb2 Rg1 43. a7 {White mates.} Rg8 {[#]} 44. b5 $1 {[%cal Rb5b6]} Kd5 45. Rc2 {Precision: White = 72%, Black = 28%.} 1-0

[Event "10th KiiT Festival 2017"]
[Site "Bhubaneshwar"]
[Date "2017.05.29"]
[Round "6"]
[White "Shyaamnikhil P"]
[Black "Sammed Jaykumar, Shete"]
[Result "1/2-1/2"]
[WhiteElo "2457"]
[BlackElo "2263"]
[Annotator "TA"]
[PlyCount "51"]
[EventDate "2017.05.26"]
[EventType "swiss"]
[EventCountry "IND"]
[SourceTitle "playchess.com"]
[Source "ChessBase"]
[SourceQuality "1"]

{[%evp 13,51,-9,0,-14,0,-24,14,3,65,41,60,41,85,42,49,-20,50,67,143,174,204,210,206,196,198,42,105,-26,-29,-86,-58,-43,-37,-22,-26,-50,-26,-24,-22,-32]} 1. d4 Nf6 2. Bg5 g6 3. Nc3 d5 4. Qd2 Bg7 5. Bh6 O-O 6. Bxg7 Kxg7 7. f3 {[#]} c5 $1 {[%mdl 512] Hoping for ...cxd4.} 8. e3 {D01: Veresov Opening} (8. dxc5 d4) 8... Qa5 9. g4 {[%cal Bg2g4,Bg4g5][%mdl 32]} Rd8 10. g5 Ng8 $146 (10... Nh5 $1 $11) ({Predecessor:} 10... Ne8 11. h4 cxd4 12. exd4 Qc7 13. O-O-O Nc6 14. h5 Bf5 15. hxg6 fxg6 {1-0 (40) Van Foreest,J (2548)-Vishnu,P (2503) Douglas 2015}) 11. h4 $14 Nc6 12. h5 e5 13. hxg6 hxg6 {[%cal Rc5d4]} 14. Nge2 (14. dxe5 $14 Be6 15. f4) 14... Nge7 ({Black should try} 14... Be6 $11) 15. Nc1 $1 {[%cal Rc1b3]} exd4 (15... Be6 $14 16. Nb3 Qc7) 16. Qh2 $16 {Threatening mate with Qh6+.} Ng8 17. Nb3 Qb6 18. exd4 cxd4 {[#]} 19. Ne2 $2 ({White has to play} 19. Qh8+ $1 $18 Kf8 20. Rh7 dxc3 21. Qg7+ Ke7 22. Qxf7+ Kd6 23. Qf4+ (23. Qxg6+ Be6 $17) 23... Ne5 24. O-O-O (24. bxc3 Be6 $11)) 19... d3 {[#]} ({Better is} 19... Qb4+ $14 20. Kd1 (20. c3 dxc3 21. Qh8+ Kf8 $14) 20... Kf8) 20. cxd3 ({Only move:} 20. Qh8+ $1 $16 Kf8 21. cxd3) 20... Qe3 $1 $11 {Strongly threatening ...Ne5.} 21. Qf4 (21. Qh8+ $11 {keeps the balance.} Kf8 22. Rh7) 21... Qxf4 (21... d4 {is more complex.} 22. Rh4 Bf5 23. Nbxd4 Nxd4 24. Qxe3 Nc2+) 22. Nxf4 Nge7 23. Kf2 Bf5 24. Bh3 Bxh3 25. Rxh3 Rh8 26. Rah1 {Precision: White = 32%, Black = 34%.} 1/2-1/2

[Event "10th KiiT Festival 2017"]
[Site "Bhubaneshwar"]
[Date "2017.05.29"]
[Round "6"]
[White "Neelotpal, Das"]
[Black "Fenil, Shah"]
[Result "1/2-1/2"]
[WhiteElo "2438"]
[BlackElo "2252"]
[Annotator "TA"]
[PlyCount "66"]
[EventDate "2017.05.26"]
[EventType "swiss"]
[EventCountry "IND"]
[SourceTitle "playchess.com"]
[Source "ChessBase"]
[SourceQuality "1"]

{[%evp 14,66,31,25,22,-5,50,53,62,46,47,40,45,26,33,19,19,21,48,50,65,60,60,57,56,56,48,28,29,26,22,21,20,6,27,35,50,3,3,0,3,3,7,3,3,3,41,39,37,33,47,0,63,0,36]} 1. Nf3 Nf6 2. d4 e6 3. c4 Nc6 4. a3 d6 5. Nc3 g6 6. g3 Bg7 7. Bg2 O-O 8. O-O Re8 {E62: King's Indian: Fianchetto: 6...c6 and Panno Variation (6...Nc6) without ...a6} (8... a6 9. b4 Nd7 10. Bg5 f6 11. Be3 Ne7 12. Qb3 Kh8 13. Rfd1 h6 14. Bd2 f5 15. e4 fxe4 16. Nxe4 {1-0 (43) Almasi,Z (2684)-Gelashvili,T (2575) Baku 2016}) 9. h3 h6 ({Better is} 9... Na5 $11) 10. e4 $146 ({Predecessor:} 10. Be3 Bd7 11. Qc2 Qc8 12. g4 h5 13. g5 Nh7 14. h4 e5 15. d5 Bf5 16. Qd1 {1-0 (53) Koneru,H (2498)-Venkatesh,M (2392) Chennai 2004}) 10... e5 {White is slightly better.} 11. Be3 (11. d5 $5 {[%cal Rd5c6]} Nd4 12. Be3 $14) 11... exd4 12. Nxd4 Bd7 13. Kh2 a6 14. Nxc6 Bxc6 15. Qc2 Re7 16. Rad1 Qe8 {[%cal Rf6e4]} 17. f3 b5 18. cxb5 axb5 19. Bd4 Rb8 20. b4 Nd7 {[%cal Bf6d7,Bd7b6,Bb6c4][%mdl 32]} 21. Bxg7 Kxg7 22. Ne2 Nb6 23. Nd4 Bb7 24. Rfe1 d5 25. Bf1 Nc4 26. Qc3 $40 {[%mdl 128] [#] White threatens Nf5+ and mate. Black needs to defend precisely.} Kh7 27. exd5 Bxd5 28. Rxe7 Qxe7 29. Re1 Qd7 {[#]} 30. a4 $1 {[%mdl 512]} c6 (30... bxa4 31. Bxc4) 31. Nb3 Qf5 32. Nd4 Qd7 33. Nb3 Qf5 {Precision: White = 55%, Black = 73%.} 1/2-1/2

[Event "10th KiiT Festival 2017"]
[Site "Bhubaneshwar"]
[Date "2017.05.29"]
[Round "6"]
[White "Reefat, Bin-Sattar"]
[Black "Sidhant, Mohapatra"]
[Result "1/2-1/2"]
[WhiteElo "2437"]
[BlackElo "2393"]
[Annotator "TA"]
[PlyCount "52"]
[EventDate "2017.05.26"]
[EventType "swiss"]
[EventCountry "IND"]
[SourceTitle "playchess.com"]
[Source "ChessBase"]
[SourceQuality "1"]

{[%evp 15,52,28,25,-4,0,0,9,10,6,-11,0,0,0,0,0,0,3,0,0,0,0,-20,0,-7,0,0,-12,-31,-37,-43,-49,-39,0,-62,0,-37,0,-55,0]} 1. e4 e5 2. Nf3 Nc6 3. Bc4 Bc5 4. O-O Nf6 5. d3 d6 6. c3 a6 7. a4 O-O 8. h3 {C54: Giuoco Piano: 4 c3 Nf6, main lines with 5 d4 and 5 d3} (8. Re1 Ba7 9. h3 h6 10. Nbd2 Be6 11. b4 Re8 12. Bxe6 Rxe6 13. Qc2 d5 14. Nb3 Ne7 15. exd5 Qxd5 {½-½ (45) Fressinet,L (2662)-Amin,B (2660) Sharjah 2017}) 8... Ba7 {LiveBook: 26 Games} 9. Be3 (9. Nbd2 {keeps more tension.} Bd7 10. b4 Qc8 11. Bb2 Ne7 12. d4) 9... Bxe3 10. fxe3 {The position is equal.} Ne7 $146 ({Predecessor:} 10... h6 11. b4 Re8 12. Nbd2 Be6 13. Bxe6 Rxe6 14. Nb3 b6 15. b5 Ne7 16. c4 c6 17. bxc6 Nxc6 18. Nc1 Nb4 19. Qd2 {½-½ (47) Liskevich,V (2428)-Korovnik,I (2282) ICCF email 2011}) 11. Bb3 Ng6 12. Nbd2 c6 13. Qe1 d5 14. exd5 cxd5 15. Qf2 Qe7 16. Nh4 Be6 17. Nxg6 hxg6 18. Qh4 Rfe8 (18... e4 $5) 19. Rf2 e4 20. d4 b5 21. axb5 axb5 22. Raf1 Nd7 $36 {[%mdl 2048] Black has some pressure.} 23. Qg3 Nf6 24. Qe5 (24. Qh4 $11) 24... Nd7 25. Qg3 Nf6 26. Qe5 (26. Qh4 $11) 26... Nd7 {Precision: White = 54%, Black = 57%.} ({Black should play} 26... Rec8 $15) 1/2-1/2

[Event "10th KiiT Festival 2017"]
[Site "Bhubaneshwar"]
[Date "2017.05.29"]
[Round "6"]
[White "Nitin, S.."]
[Black "Karthik Venkataraman"]
[Result "1/2-1/2"]
[WhiteElo "2426"]
[BlackElo "2317"]
[Annotator "TA"]
[PlyCount "74"]
[EventDate "2017.05.26"]
[EventType "swiss"]
[EventCountry "IND"]
[SourceTitle "playchess.com"]
[Source "ChessBase"]
[SourceQuality "1"]

{[%evp 9,74,14,48,32,34,45,26,27,43,45,58,65,57,59,62,63,96,87,81,74,80,78,70,84,77,67,81,10,45,61,78,-11,-3,0,0,0,0,0,-4,-105,0,0,85,-107,-91,-117,235,222,249,247,244,235,243,240,221,221,181,0,0,0,0,0,0,0,0,0,0]} 1. e4 g6 2. Nc3 Bg7 3. h4 {[%cal Bh2h4,Bh4h5][%mdl 32]} h6 (3... c5 4. h5 Nc6 5. d3 e6 6. Be3 Qa5 7. Bd2 Qd8 8. Be3 Qa5 9. Qd2 b5 10. e5 f5 11. exf6 Nxf6 {½-½ (41) Wei,Y (2732)-Maghsoodloo,P (2577) Chengdu 2017}) 4. h5 g5 5. Nge2 c5 6. d4 {B06: Modern Defence} cxd4 7. Nxd4 Nc6 8. Be3 {White has an edge.} d6 9. Qd2 $146 ({Predecessor:} 9. Bb5 Bd7 10. Qd2 {0-1 (40) Trupp,E (1920)-Benda,H (2170) Feffernitz 1996}) 9... Nf6 10. f3 {[%cal Bf2f3,Bf3f4][%mdl 32]} Bd7 11. O-O-O Rc8 12. Kb1 Ne5 13. Be2 a6 14. g3 b5 15. f4 b4 16. Nd5 Nxe4 17. Qxb4 Rb8 18. Qa3 (18. Qe1 $1 $16) 18... Nc6 19. fxg5 Nxg3 20. Nf6+ (20. gxh6 $1 $16 Be5 21. Rhe1) 20... exf6 $11 {[#]} 21. gxh6 $1 {[%mdl 512]} Bf8 (21... Bxh6 22. Bxh6) 22. Nxc6 $1 Bxc6 23. Rhe1 $1 Ne4 {With the idea ...Be7.} 24. Bc4 (24. Ba7 $1 $11 f5 25. Bg4 $1 {[%mdl 512]} (25. Qxa6 $2 Rc8 $17) (25. Bxb8 Qxb8 26. Bg4 Bd7 $11)) 24... Qc7 ({Don't play} 24... d5 $6 25. Qxa6 Qc8 26. Qxc8+ Rxc8 27. Bxd5 $11) ({Black should try} 24... f5 $17 25. Bf4 Be7 26. Qxa6 Qb6 27. Qxb6 Rxb6) 25. Bf4 Kd8 (25... f5 $11 {keeps the balance.}) 26. Qd3 $2 (26. Bxf7 $1 $16 {is necessary to keep the advantage.} f5 27. Be6) 26... Qb6 $17 {[%csl Gb8][%cal Rb6b2]} 27. Bb3 Qb4 $2 {[%mdl 8192] [#]} (27... f5 $17 {stays on course.} 28. Be3 Qb5) 28. a3 $1 $18 {[%cal Ra3b4]} (28. Qxa6 Kc7 $11) 28... Qb5 {Threatens to win with ...Qxd3.} 29. Qd4 Qf5 {[#]} 30. Rxe4 $1 {[%mdl 512]} Bxe4 31. Bxd6 Bxd6 32. Qxd6+ Kc8 {[#]} 33. Qxa6+ $2 (33. Rd4 $1 $18 {[%cal Rd4c4] White wants to mate with Rc4+.} Qf1+ 34. Ka2 Rxb3 35. Kxb3 (35. Qc5+ Kb8 $11) 35... Qf3+ 36. Ka2) 33... Rb7 $11 {Strongly threatening ...Kb8.The position is equal.} 34. Qa8+ Rb8 35. Qa6+ Rb7 {And now ...Kb8 would win.} 36. Qa8+ Rb8 37. Qa6+ Rb7 {Precision: White = 57%, Black = 54%.} 1/2-1/2

[Event "10th KiiT Festival 2017"]
[Site "Bhubaneshwar"]
[Date "2017.05.29"]
[Round "6"]
[White "Laxman, R R"]
[Black "Babujian, Levon"]
[Result "1-0"]
[WhiteElo "2417"]
[BlackElo "2438"]
[Annotator "TA"]
[PlyCount "178"]
[EventDate "2017.05.26"]
[EventType "swiss"]
[EventCountry "IND"]
[SourceTitle "playchess.com"]
[Source "ChessBase"]
[SourceQuality "1"]

{[%evp 16,178,20,0,13,15,33,0,0,8,25,-29,-42,-34,-43,-49,-40,-72,-64,-66,-67,-72,-62,-64,-58,-108,-108,-108,-108,-112,-90,-131,-139,-158,-126,-118,-68,-137,-127,-117,-94,-82,-68,-96,-66,-72,-78,-75,-58,-62,65,64,75,70,66,44,33,25,20,0,37,38,50,32,41,0,95,11,64,71,78,58,73,58,58,58,58,58,58,58,58,58,58,58,58,58,59,60,70,47,62,52,64,44,57,44,45,44,100,88,107,107,105,57,57,57,57,57,57,57,57,57,57,57,115,114,108,108,114,108,102,99,154,25,30,8,4,12,12,1,22,12,435,408,443,452,805,-12843,0,0,0,0,0,0,0,0,0,0,0,0,0,0,0,0,0,-12845,-12843,-12843,-12843,-12844,12849,-12847,-12848,-12848,12849]} 1. d4 Nf6 2. c4 g6 3. Nc3 d5 4. cxd5 Nxd5 5. e4 Nxc3 6. bxc3 Bg7 7. Qa4+ Nd7 {[%cal Bb8d7,Bd7f6,Bf6g4][%mdl 32]} 8. Nf3 O-O 9. Bg5 h6 {D85: Exchange Grünfeld: Unusual White 7th moves and lines with 7 Nf3} (9... Nb6 $5 {[%cal Rb6a4]} 10. Qb4 a5 $14) 10. Be3 c5 11. Rd1 cxd4 {The position is equal.} 12. cxd4 Nf6 (12... Nb6 13. Qb3 Bd7 14. Qa3 Na4 15. Bd3 Rc8 16. O-O b5 17. Rc1 {½-½ (50) Korobov,A (2687)-Fier,A (2604) Moscow 2015}) 13. d5 $146 (13. Bd3 $142) ({Predecessor:} 13. Bd3 e6 14. O-O Bd7 15. Qb3 Bc6 {½-½ (36) Camarena Gimenez,R (2403)-Svoboda,S (2453) Olomouc 2016}) 13... Bd7 $11 14. Qb4 Rc8 $1 15. e5 $1 {[%cal Re5f6]} Ng4 $36 {[%mdl 2048] White is under pressure.} 16. Bf4 Qc7 {[%cal Rg4e5]} 17. Be2 $1 Nxe5 18. O-O Nxf3+ 19. Bxf3 Qc4 20. Qxb7 Qxf4 21. Qxd7 Be5 {[%csl Ge5][%cal Rf4h2]} 22. Qh3 Rc3 23. Qg3 Qf6 24. Qh3 Rfc8 {...R8c4 is the strong threat.} 25. Rd3 R3c4 26. Bg4 (26. Be2 $15) 26... Rb8 $17 27. g3 Bd6 28. Bd1 Kg7 29. Bb3 Re4 30. Qg2 Rbb4 31. Qf3 Qe5 32. Re3 a5 (32... Rxe3 $15 33. Qxe3 a5) 33. a3 $1 $14 {[%cal Ra3b4]} ({And not} 33. Bc2 Rxe3 34. Qxe3 Qb2 $17) 33... Rxb3 34. Rxb3 Qxd5 35. a4 Qc4 36. Rb5 Bb4 37. Qd1 Rd4 38. Qa1 {Hoping for Rc1.} Bc3 39. Qa3 Bb4 40. Qf3 Bd2 (40... Re4 $11 {remains equal.}) 41. Rb7 (41. Qa8 $16) 41... Bg5 (41... Rd3 $11 42. Qg2 Bb4) 42. Rb8 Re4 43. Ra8 Bd2 44. Qd1 Rd4 45. Qb1 Qb4 46. Qc2 Qc4 47. Qb2 Qb4 48. Rb1 Qxb2 49. Rxb2 {[%mdl 4096] Endgame KRR-KRB} Bb4 50. Kg2 Rd3 51. Ra2 $1 g5 52. Ra6 h5 53. Rb6 Rc3 54. h3 Rd3 55. Rb5 Kg6 56. Re5 e6 (56... Rd4 $14) 57. Re4 Kf5 58. Rc4 Kg6 59. f3 Rd1 60. h4 gxh4 61. Rxh4 Rc1 62. Re4 Kf5 63. Rf4+ Kg6 64. Rd4 Bc5 (64... e5 $14 65. Rd8 f6) 65. Rd8 $16 Rg1+ 66. Kh2 Rf1 67. Rg8+ Kf5 68. Rc8 Bd4 (68... Be3 $142) 69. Rd8 ({White should try} 69. Ra8 $1 $16) 69... e5 $11 70. Rd5 {With the idea f4.} Rxf3 71. Rxa5 {Black should prevent Ra8.} h4 72. gxh4 {Threatening Ra8.} Kg4 73. Ra8 {Black must now prevent Rg8+.} e4 $2 {[%mdl 8192] [#]} (73... Rh3+ $11 {and Black is okay.} 74. Kg2 Rg3+ 75. Kh1 Rh3+ 76. Rh2 Ra3 77. Rg8+ Kf4) 74. Rg8+ $1 $18 Kxh4 75. a5 f5 (75... Ba7 $142 76. a6 Rc3) 76. a6 $4 {[%mdl 8192]} (76. Rd2 $18 Bc5 77. a6) 76... f4 $2 ({Black should play} 76... Rh3+ $19 77. Kg2 f4) 77. Kh1 $1 $11 {Threatens to win with Rh2+.} (77. a7 Rh3+ 78. Kg2 f3+ 79. Kf1 Rh1+ 80. Rg1 Rxg1#) 77... Rf1+ 78. Kh2 Rf3 79. Kh1 $1 {aiming for Rh2+.} (79. a7 {is a self mate.} Rh3+ 80. Kg2 f3+ 81. Kf1 Rh1+ 82. Rg1 Rxg1#) 79... Rf1+ 80. Kh2 f3 81. Ra5 $1 Rf2+ 82. Kh1 Rf1+ 83. Kh2 e3 84. Ra4 Rf2+ 85. Kh1 $2 {[%mdl 8192]} (85. Kg1 $11 Rd2 86. a7) 85... Rd2 86. a7 {[#]} Kh3 $1 {( -> ...Rh2+)} 87. Rxd4 Rxd4 $4 {[%mdl 8192]} (87... Rh2+ $19 88. Kg1 f2+ 89. Kf1 Rh1+ 90. Ke2 f1=Q+ 91. Kxe3 Qc1+ 92. Ke4 Qc6+ 93. Ke3 Qe6+ 94. Re4 Qxg8 95. Rd4 Qg3+ 96. Ke4 Re1+ 97. Kd5 Qe5+ 98. Kc4 Rc1+ 99. Kd3 Rd1+ 100. Kc4 Rxd4+ 101. Kc3 Qe3+ 102. Kc2 Rd2+ 103. Kc1 Qe1#) 88. Rh8+ $4 {[%mdl 8192]} (88. a8=Q $18 Rd1+ 89. Rg1 Rxg1+ 90. Kxg1 Kg4 91. Qe4+ Kg5 92. Qxe3+ Kf5 93. Qe7) 88... Kg3 $19 {[%cal Rd4d1]} 89. Rg8+ Kh3 $4 {[%mdl 8192] Precision: White = 54%, Black = 55%.} (89... Kf2 $19 90. Rh8 e2 91. Rh7 e1=Q+ 92. Kh2 Qg1+ 93. Kh3 Qh1#) 1-0